000 00316pam a2200145 a 4500
020 _c
041 _aeng
082 _bRAD
100 _aradhakrishnan.
245 _aReligion Science & Culture
_hTextual Documents
250 _a2010.
260 _a[s.l]:
_bOrient Papersbacks.
300 _a117pg.
930 _a12049
999 _c88952
_d88952